Datum a čas kvízu
28.5
Celkem bodů
Celkový počet nahraných bodů na tomto kvízu bez doplňovacích otázek.
7.
Pořadí na kvízu
Konečné umístění týmu na tomto kvízu.
Zaznamenané odpovědi
| # | Otázka | Odpověď | Body | Výsledky |
|---|---|---|---|---|
| 1. | Ručně a stručně vyřešila své p... | v Brně | 1 | |
| 2. | Vláda jedné země chystá poměrn... | Austrálie | 1 | |
| 3. | Minulý týden byl zveřejněn tea... | Marty Pohl, Řezník | 1 | |
| 4. | Řetězec Pepco se pod tlakem zá... | C) zkušební kabiny | 1 | |
| 5. | Ve kterém hlavním městě ležící... | v Rijádu | 0 | |
| 6. | Robin Hood je britsko-americký... | Ridley Scott, Russel Crowe | 1 | |
| 7. | Nyní se podíváme na film režis... | Křižáček | 0 | |
| 8. | Německý film režiséra Edwarda... | Na západní frontě klid, Erich Maria Remarque | 1 | |
| 9. | Film Pianista byl natočen v ro... | Adrien Brody, Roman Polański | 0.5 | |
| 10. | Napište název filmu, z něhož p... | Nepřítel před branami | 1 |